| 000 | 01936cam a22004694i 4500 | ||
|---|---|---|---|
| 003 | PE-LiUPU | ||
| 005 | 20250731173315.0 | ||
| 008 | 150616s r 000 0 d | ||
| 020 | _a8425412536 | ||
| 035 | _a(Sirsi) i9788425412530 | ||
| 040 |
_aPE-LiUPU _bspa _cPE-LiUPU _erda |
||
| 049 | _aPRUA | ||
| 082 | 0 | 4 |
_a291.32 _bCh25 _221 |
| 100 | 1 |
_aChaunu, Pierre, _eautor. |
|
| 245 | 1 | 3 | _aEl pronóstico del futuro: crisis de nuestro tiempo. La memoria y lo sagrado. |
| 264 | 1 |
_aBarcelona : _bHerder, _c1982. |
|
| 300 |
_a322 páginas : _bilustraciones ; _c22 centímetros |
||
| 336 |
_atext _2rdacontent |
||
| 337 |
_aunmediated _2rdamedia |
||
| 338 |
_avolume _2rdacarrier |
||
| 504 | _aNotas Bibliograficas. | ||
| 505 | 0 | _aLa vida. ¿Para qué? ¿Y si Sileno tuviera razón? -- La extensión del mal -- ¿Retroacción correctiva o retroacción aceleradora? -- De espaldas a la realidad -- El déficit de la esperanza -- La libertad matriz -- El retorno a la libertad -- La emergencia en la temporalidad -- Ser y conocer -- El conocimiento y la historia -- Explorar la memoria de los hombres -- Existe otra memoria -- Aprender a leer -- La memoria de la iglesia -- Retorno a lo sagrado. | |
| 526 | _aSEG42 | ||
| 526 | _aSEG41 | ||
| 526 | _aSEG40 | ||
| 526 | _aSEG39 | ||
| 526 | _aP94 | ||
| 526 | _aP87 | ||
| 526 | _aP86 | ||
| 526 | _aP85 | ||
| 526 | _aP77 | ||
| 526 | _aP76 | ||
| 526 | _aP35 | ||
| 650 | 0 | 4 | _aCRISTIANISMO. |
| 910 |
_ajck _bjvq _cjck |
||
| 942 |
_2ddc _cBOOK |
||
| 949 |
_a291.32 CH25 _wDEWEY _c1 _i26145 _lCCODEBUL1 _mBUL _r0 _sY _tBOOK _u2015-6-16 _xTEOLOGIA _zUNKNOWN _0COMPRA _o.STAFF. Colección General |
||
| 994 |
_aC0 _bPEPRU |
||
| 596 | _a1 | ||
| 999 |
_a291.32 CH25 _wDEWEY _c45633 _i26145 _f2021-11-11 _g4 _lCCODEBUL1 _mBUL _r0 _sY _tBOOK _u2015-6-16 _xTEOLOGIA _zUNKNOWN _0COMPRA _o.STAFF. Colección General _d45633 |
||
| 980 |
_81 _gALBERTO SANCHEZ Responsable de Automatización |
||